000 01865nam0a2200349 4500
001 RU\NLR\BIBL_A\022596044
005 20260420051626.0
010 _a978-5-09-123841-9
_9300
021 _aRU
_bКН-П-25-033355
_9КН-П-25-3293
035 _a(NLR Aleph) 022596044
090 _a13680315
_c13680315
100 _a20250804d2025 c y0rusy50 ca
101 0 _arus
102 _aRU
105 _aa j 000yy
181 0 _ai3
_baxxe
182 0 _an
200 1 _aМатематика
_e1 дополнительный класс
_eучебник для общеобразовательных организаций, реализующих адаптированные основные общеобразовательные программы
_eдля глухих обучающихся
_eв соответствии с ФГОС НОО обучающихся с ограниченными возможностями здоровья
_fИ. В. Больших, Е. А. Жеребятьева, И. Л. Соловьёва
203 _aТекст
_bвизуальный
_cнепосредственный
205 _a5-е изд., обновл.
210 _aМосква
_cПросвещение
_d2025
215 _a111 с.
_cцв. ил.
_d26
225 1 _aФГОС ОВЗ
606 1 _aМатематика
_jУчебники специальные для начальной школы
_9922118
_3RU\NLR\AUTH\6619329
686 3 _aВ10я711-1
700 1 _aБольших
_bИ. В.
_gИрина Владимировна
701 1 _aЖеребятьева
_bЕ. А.
_gЕкатерина Александровна
701 1 _7ca
_8rus
_aСоловьева
_bИ. Л.
_cканд. пед. наук
_f1954-
_gИрина Леонидовна
_983888
_3RU\NLR\AUTH\77100962
942 _cBOOK
980 _aNB